| 000 | 01034nam a2200265Ia 4500 | ||
|---|---|---|---|
| 003 | OSt | ||
| 005 | 20220923211609.0 | ||
| 006 | a|||||r|||| 00| 0 | ||
| 007 | ta | ||
| 008 | 220922b |||||||| |||| 00| 0 hin d | ||
| 020 |
_a9789388562904 (hbk) _c1000 |
||
| 024 | _a353,081 | ||
| 037 |
_b5529, 20/12/2019, Meharchand Lachhhindas Publications _cTextual |
||
| 040 |
_aARTS _cARTS _bhin |
||
| 041 |
_2hin _ahin |
||
| 082 | _aQ1, 152Q9 | ||
| 100 |
_aनवाकर, प्रफुल्लानंद, ले. _9160935 |
||
| 245 | 0 | _aवैदिक कालीन संस्कृति का इतिहास | |
| 246 | _aVaidik kālīn sanskṛuti kā itihāsa | ||
| 260 |
_aनई दिल्ली _b रावत प्रकाशन _c2019 |
||
| 300 |
_a224पृ. _ccm. |
||
| 650 | _aवैदिक धर्म | ||
| 942 |
_hQ1, 152Q9 _cTEXL _2CC |
||
| 999 |
_c301210 _d301210 |
||